000 00523nab#a2200205#c#4500
003 IEF
005 20180219172432.0
008 950704s1976 uuu|| #####0 b| |u
040 _aIEF
100 1 _aCohen Stuart, Arnold Jacob
_910706
245 _aSobre la imposición progresiva
260 _c1976
500 _aBibliografía
650 4 _aIMPUESTOS
_947460
650 4 _aPROGRESIVIDAD
_948160
773 0 _tHacienda pública española
_w34570
_g39, p. 172-190
942 _cART
942 _z74928
999 _c121941
_d121941